Membrane separation processes /

Guardado en:
Otros Autores: Meares, Patrick., (Editor , ed.)
Formato: Libro
Idioma:English
Publicado: Amsterdam : Elsevier Scientific Pub. Co., 1976.
Materias:
Etiquetas: Agregar Etiqueta
Sin Etiquetas, Sea el primero en etiquetar este registro!
LEADER 00825cam a22002295a 4500
001 EIQ.libpla000423
008 761019s1976####ne#ao####b####001#0#eng#d
005 20070928153833.0
245 0 0 |a Membrane separation processes /  |c edited by Patrick Meares. 
260 |a Amsterdam :  |b Elsevier Scientific Pub. Co.,  |c 1976. 
300 |a [ix], 600 p. :  |b il., fotos, tablas ;  |c 25 cm. 
504 |a Incluye referencias bibliográficas e índice. 
020 |a 0444413529 
700 1 |a Meares, Patrick.,  |e ed.  |4 edt 
082 0 0 |a 660.2/8424 
650 4 |a Procesos  |x Membranas (Tecnología) 
650 4 |a Procesos  |x Separación de membrana. 
650 4 |a Processes  |x Membrane separation. 
650 4 |a Processes  |x Membranes (Technology). 
010 |a  76377156  
040 |a DLC  |c DLC  |d AR-BbSID 
859 |a AR-BbSID  |b BIB. PLAPIQUI  |h 532.057  |i M 512  |p 305